Law of land acquisition and compensation (Record no. 413043)
[ view plain ]
| 000 -LEADER | |
|---|---|
| fixed length control field | 00375cam a22001337a 4500 |
| 008 - FIXED-LENGTH DATA ELEMENTS--GENERAL INFORMATION | |
| fixed length control field | 180718b1969 xxu||||| |||| 00| 0 eng d |
| 082 ## - DEWEY DECIMAL CLASSIFICATION NUMBER | |
| Classification number | Y1303 x54 R14 / 1 |
| 100 ## - MAIN ENTRY--PERSONAL NAME | |
| Personal name | Ramachandran,V.G. |
| 245 ## - TITLE STATEMENT | |
| Title | Law of land acquisition and compensation |
| Statement of responsibility, etc. | By V.G. Ramachandran |
| 250 ## - EDITION STATEMENT | |
| Edition statement | 4th |
| 260 ## - PUBLICATION, DISTRIBUTION, ETC. | |
| Place of publication, distribution, etc. | Lucknow |
| Name of publisher, distributor, etc. | Eastern |
| Date of publication, distribution, etc. | 1969 |
| 300 ## - PHYSICAL DESCRIPTION | |
| Extent | 2v. |
| 650 ## - SUBJECT ADDED ENTRY--TOPICAL TERM | |
| Topical term or geographic name entry element | Eminent domain --India. |
| Withdrawn status | Lost status | Damaged status | Not for loan | Permanent Location | Current Location | Date acquired | Full call number | Barcode | Date last seen | Price effective from | Koha item type |
|---|---|---|---|---|---|---|---|---|---|---|---|
| Indian Institute of Public Administration | Indian Institute of Public Administration | 2009-02-10 | Y1303 x54 R14 / 2 | DA1512 | 2018-07-21 | 2018-07-21 | DA | ||||
| Indian Institute of Public Administration | Indian Institute of Public Administration | 2009-02-10 | Y1303 x54 R14 / 1 | DA1511 | 2018-07-21 | 2018-07-21 | DA | ||||
| Indian Institute of Public Administration | Indian Institute of Public Administration | 2010-03-10 | Y1303 x54 R14 / 1 | 64505 | 2018-07-21 | 2018-07-21 | Book | ||||
| Indian Institute of Public Administration | Indian Institute of Public Administration | 2010-03-10 | Y1303 x54 R14 / 1 | 64504 | 2018-07-21 | 2018-07-21 | Book | ||||
| Indian Institute of Public Administration | Indian Institute of Public Administration | 2010-03-11 | Y15103x54 R18 | 12501 | 2018-07-21 | 2018-07-21 | Book |
